[Event "Tel Aviv"]
[Site "Tel Aviv"]
[Date "1990.??.??"]
[Round "?"]
[White "Psakhis, Lev"]
[Black "Karp, Michael"]
[Result "1-0"]
[WhiteElo "2570"]
[BlackElo "2250"]

1.c4 Nf6 2.Nc3 c5 3.Nf3 Nc6 4.d4 cxd4 5.Nxd4 e6 6.g3 d6 7.Bg2 Bd7 8.O-O a6
9.Nb3 Qc7 10.Bf4 Nh5 11.Bd2 Ne5 12.Rc1 Bc6 13.Nd5 exd5 14.cxd5 Qd7 15.dxc6 Nxc6
16.Na5 Nd8 17.Nc4 Rb8 18.e4 Nf6 19.Bf4  1-0

[Event "Tel Aviv"]
[Site "Tel Aviv"]
[Date "1990.??.??"]
[Round "?"]
[White "Psakhis, Lev"]
[Black "Lev, Ronen"]
[Result "1/2-1/2"]
[WhiteElo "2575"]
[BlackElo "2480"]

1.e4 e5 2.Nf3 Nc6 3.Bb5 a6 4.Ba4 Nf6 5.O-O Be7 6.Re1 b5 7.Bb3 d6 8.c3 O-O
9.d3 Bb7 10.Nbd2 Re8 11.Nf1 Bf8 12.Ng3 g6 13.Ng5 d5 14.exd5 Na5 15.c4 c6
16.dxc6 Bxc6 17.Qe2 Nxb3 18.axb3 Nd7 19.Qc2 h6  1/2-1/2

[Event "Tel Aviv"]
[Site "Tel Aviv"]
[Date "1990.??.??"]
[Round "?"]
[White "Psakhis, Lev"]
[Black "Tal, Mihail"]
[Result "1/2-1/2"]
[WhiteElo "2575"]
[BlackElo "2580"]

1.c4 e6 2.d4 Nf6 3.Nf3 d5 4.Nc3 dxc4 5.e3 a6 6.a4 c5 7.Bxc4 Nc6 8.O-O Be7
9.Qe2 cxd4 10.Rd1 e5 11.exd4 exd4 12.Nxd4 Nxd4 13.Qe5 Qd6 14.Qxd6 Bxd6 15.Rxd4 Be5
16.Rh4 O-O 17.Bf4 Bxc3 18.bxc3 Bf5 19.Be5  1/2-1/2

[Event "Tel Aviv"]
[Site "Tel Aviv"]
[Date "1990.??.??"]
[Round "?"]
[White "Soffer, Ram"]
[Black "Psakhis, Lev"]
[Result "0-1"]
[WhiteElo "2440"]
[BlackElo "2575"]

1.c4 e5 2.Nc3 Bb4 3.g3 Bxc3 4.bxc3 d6 5.Bg2 f5 6.d3 Nf6 7.Nf3 Nc6 8.O-O O-O
9.Rb1 Qe8 10.e3 e4 11.Ne1 b6 12.Ba3 Ba6 13.Nc2 Ne5 14.Nb4 Bb7 15.dxe4 fxe4
16.Nd5 Rc8 17.Nxf6+ Rxf6 18.c5 dxc5 19.Bxc5 Nf3+ 20.Bxf3 exf3 21.Qb3+ Kh8
22.Qc4 Rc6  0-1

[Event "Vienna op"]
[Site "Vienna"]
[Date "1990.??.??"]
[Round "2"]
[White "Ciolac, Gheorghe"]
[Black "Psakhis, Lev"]
[Result "0-1"]
[WhiteElo "2340"]
[BlackElo "2575"]

1.e4 c5 2.Nf3 e6 3.d4 cxd4 4.Nxd4 Nf6 5.Nc3 d6 6.Be2 a6 7.O-O Be7 8.f4 O-O
9.a4 Qc7 10.Bf3 Nc6 11.Nde2 b6 12.b3 Bb7 13.Bb2 Rfd8 14.Qe1 Nb4 15.Rc1 d5
16.e5 Ne4 17.Kh1 Rac8 18.Bxe4 dxe4 19.Ng3 Qc6 20.Qe2 e3 21.Nce4 Na2 22.Qg4 Nxc1
23.Rxc1 g6 24.Qe2 h5  0-1

[Event "Vienna op"]
[Site "Vienna"]
[Date "1990.??.??"]
[Round "3"]
[White "Psakhis, Lev"]
[Black "Szalanczy, Emil"]
[Result "1/2-1/2"]
[WhiteElo "2575"]
[BlackElo "2405"]

1.c4 Nf6 2.Nc3 g6 3.e4 d6 4.d4 Bg7 5.f3 O-O 6.Be3 c5 7.Nge2 Qa5 8.Qd2 Nc6
9.d5 Ne5 10.Nc1 e6 11.Be2 exd5 12.cxd5 Bd7 13.a4 a6 14.Ra3 Qc7 15.O-O Rae8
16.N1a2 Bc8 17.a5 h5 18.Na4 Bd7 19.Nb6 Bb5 20.Rc1 Bxe2 21.Qxe2 Qd8 22.b4 Nfd7
23.bxc5 Nxc5 24.Nb4  1/2-1/2

[Event "Vienna op"]
[Site "Vienna"]
[Date "1990.??.??"]
[Round "8"]
[White "Suetin, Alexey S"]
[Black "Psakhis, Lev"]
[Result "1/2-1/2"]
[WhiteElo "2360"]
[BlackElo "2575"]

1.e4 c5 2.c3 e6 3.d4 d5 4.exd5 exd5 5.Be3 c4 6.b3 cxb3 7.axb3 Nc6 8.Nf3 Bd6
9.Be2 Nge7 10.O-O O-O 11.Re1 Re8 12.Bd3 Bf5 13.Bxf5 Nxf5 14.Qd3 Qd7 15.Nbd2 a6
16.Nf1 h6 17.Bd2 Rac8 18.Ng3 Rxe1+ 19.Bxe1 Bxg3 20.hxg3 f6 21.Kh2 Nd6 22.Ng1 Ne7
23.Bd2 Qb5 24.Qxb5 Nxb5 25.Rc1 h5 26.f3 Rc6 27.Ne2 Rb6 28.Ra1 Nc7 29.Ra3 Rc6
30.Ra1 Nb5 31.Rc1 Re6  1/2-1/2

[Event "Vienna op"]
[Site "Vienna"]
[Date "1990.??.??"]
[Round "9"]
[White "Psakhis, Lev"]
[Black "Gschnitzer, Oswald"]
[Result "1/2-1/2"]
[WhiteElo "2575"]
[BlackElo "2440"]

1.c4 c5 2.g3 Nc6 3.Bg2 g6 4.Nc3 Bg7 5.Nf3 e5 6.O-O Nge7 7.d3 d6 8.a3 O-O
9.Rb1 a5 10.Bg5 f6 11.Bd2 Be6 12.Qa4 Rc8 13.Rfc1 b6 14.Qb3 Rb8 15.Ne1 Nd4
16.Qd1 d5 17.b3 Qd7 18.Nc2 Nxc2 19.Qxc2 f5 20.cxd5 Nxd5 21.Nxd5 Bxd5 22.Bxd5+ Qxd5
23.b4 axb4 24.axb4 cxb4 25.Rxb4 Rf7 26.Be3 b5 27.Qc6 Rd7 28.Rc5 Qxc6 29.Rxc6 Rbb7
30.Rb3 Bf8 31.Bc5 Rd5 32.Bxf8 Kxf8 33.e4 fxe4 34.dxe4 Rd4 35.Rc5 Rxe4 36.Rbxb5 Re7
37.Kf1 Kf7 38.f3 Re3 39.Kf2 Ra3  1/2-1/2

[Event "Berliner Sommer"]
[Site "Berlin"]
[Date "1991.??.??"]
[Round "?"]
[White "Tseitlin, Mikhail S"]
[Black "Psakhis, Lev"]
[Result "0-1"]
[WhiteElo "2480"]
[BlackElo "2575"]

1.e4 c5 2.Nf3 e6 3.b3 b6 4.c4 Bb7 5.Nc3 Nf6 6.Bd3 Nc6 7.Bb2 Be7 8.O-O O-O
9.Re1 Ng4 10.e5 Qb8 11.Qe2 f6 12.exf6 Nxf6 13.Ne4 Qf4 14.g3 Qh6 15.Neg5 Qh5
16.h4 Nb4 17.Bb1 h6 18.Bxf6 gxf6 19.Be4 Bxe4 20.Nxe4 Nc2 21.Qd3 Nxa1 22.Rxa1 f5
23.Nc3 Bf6 24.Re1 Rad8 25.Ne2 e5 26.Nh2 Kh8 27.Qd5 Qf7 28.Qf3 d5 29.Qxf5 dxc4
30.bxc4 Qxc4 31.Nc3 Bg7 32.Qh5 Rxd2 33.Ne4 Rxa2 34.Ng4 Qf7 35.Qxf7 Rxf7 36.Rd1 Ra4
37.Re1 a5 38.Kg2 Rd4 39.f3 a4 40.Ne3 a3 41.Ra1 Ra7 42.Nf5 c4 43.g4 b5 44.g5 hxg5
45.hxg5 b4 46.Ned6 Rxd6 47.Nxd6 e4  0-1

[Event "Hartberg op"]
[Site "Hartberg"]
[Date "1991.??.??"]
[Round "2"]
[White "Psakhis, Lev"]
[Black "Weinzettl, Ernst"]
[Result "1/2-1/2"]
[WhiteElo "2555"]
[BlackElo "2285"]

1.e4 e6 2.d4 d5 3.Nd2 c5 4.exd5 exd5 5.Bb5+ Nc6 6.Ngf3 Qe7+ 7.Be2 g5 8.h3 g4
9.hxg4 Bxg4 10.dxc5 O-O-O 11.Nb3 Bxf3 12.gxf3 Bg7 13.Qd3 Qf6 14.f4 Nge7 15.c3 d4
16.Bd2 dxc3 17.Qxc3 Qg6 18.Qh3+ Kb8 19.O-O-O Nd5 20.f5 Qf6 21.Bc3 Nxc3 22.Qxc3 Qxf5
23.Qf3 Rxd1+ 24.Bxd1 Qxf3 25.Bxf3 Nd4 26.Nxd4 Bxd4 27.Rh5 a5  1/2-1/2

[Event "Hartberg op"]
[Site "Hartberg"]
[Date "1991.??.??"]
[Round "3"]
[White "Wallner, Alfred"]
[Black "Psakhis, Lev"]
[Result "0-1"]
[WhiteElo "2230"]
[BlackElo "2555"]

1.e4 c5 2.Nf3 e6 3.d4 cxd4 4.Nxd4 Nf6 5.Nc3 d6 6.Bc4 a6 7.Bb3 Nbd7 8.Be3 Nc5
9.f3 Be7 10.Qd2 Qc7 11.O-O-O b5 12.g4 O-O 13.h4 b4 14.Na4 Bd7 15.Nxc5 dxc5
16.g5 Nxe4 17.fxe4 cxd4 18.Qxd4 Bb5 19.e5 a5 20.a4 bxa3 21.h5 a4 22.Ba2 Rac8
23.Rh2 Rfd8 24.Qc3 Rxd1+ 25.Kxd1 Qb7 26.Qe1 axb2 27.g6 Qf3+  0-1

[Event "Hartberg op"]
[Site "Hartberg"]
[Date "1991.??.??"]
[Round "9"]
[White "Ernst, Thomas"]
[Black "Psakhis, Lev"]
[Result "1/2-1/2"]
[WhiteElo "2500"]
[BlackElo "2555"]

1.e4 c5 2.Nf3 e6 3.d4 cxd4 4.Nxd4 Nf6 5.Nc3 d6 6.g4 e5 7.Bb5+ Bd7 8.Bxd7+ Qxd7
9.Nf5 h5 10.gxh5 Nxh5 11.Bg5 g6 12.Ng3 Na6 13.Qd2 Nc7 14.O-O-O Qe6 15.Kb1 a6
16.Rhe1 f6 17.Be3 O-O-O 18.a4 Qc4  1/2-1/2

[Event "Lenk op"]
[Site "Lenk"]
[Date "1991.??.??"]
[Round "1"]
[White "Mueller, L."]
[Black "Psakhis, Lev"]
[Result "0-1"]
[WhiteElo "2095"]
[BlackElo "2555"]

1.d4 Nf6 2.c4 e6 3.Nc3 Bb4 4.Qc2 O-O 5.a3 Bxc3+ 6.Qxc3 d6 7.Bg5 Nbd7 8.e3 b6
9.f3 h6 10.Bh4 c5 11.dxc5 bxc5 12.Nh3 Qb6 13.Be2 d5 14.cxd5 exd5 15.Qd2 Re8
16.O-O Qb3 17.Bf2 Rb8 18.Rab1 Ne5 19.Bd1 Qa2 20.Qc1 Ba6 21.Ba4 Bxf1 22.Bxe8 Bd3  0-1

[Event "Lenk op"]
[Site "Lenk"]
[Date "1991.??.??"]
[Round "2"]
[White "Psakhis, Lev"]
[Black "Roth, Peter"]
[Result "1-0"]
[WhiteElo "2555"]
[BlackElo "2320"]

1.e4 g6 2.d4 Bg7 3.Nf3 d6 4.Be2 Nf6 5.Nc3 O-O 6.O-O Na6 7.h3 c5 8.d5 Rb8
9.Re1 Nc7 10.a4 a6 11.a5 b5 12.axb6 Rxb6 13.Bc4 Nb5 14.Na4 Rb8 15.e5 Nd7
16.Bf4 dxe5 17.Nxe5 Nxe5 18.Bxe5 Bxe5 19.Rxe5 Qd6 20.Re3 Rd8 21.b3 Bb7 22.Rd3 Rbc8
23.Qd2 Rc7 24.Re1 Qf6 25.Rf3 Qg7 26.Qa5 Rdc8 27.Nb6 Nd4 28.Nxc8 Nxf3+ 29.gxf3 Rxc8
30.Rxe7  1-0

[Event "Lenk op"]
[Site "Lenk"]
[Date "1991.??.??"]
[Round "5"]
[White "Bukacek, Emil"]
[Black "Psakhis, Lev"]
[Result "0-1"]
[WhiteElo "2225"]
[BlackElo "2555"]

1.e4 c5 2.c3 e6 3.d4 d5 4.exd5 exd5 5.Nf3 Nc6 6.Be3 c4 7.b3 cxb3 8.axb3 Bd6
9.Bd3 Nge7 10.Nbd2 Bf5 11.Qb1 Qd7 12.O-O O-O 13.Re1 a5 14.Nf1 b5 15.Ng3 Bxd3
16.Qxd3 a4 17.bxa4 bxa4 18.Ng5 g6 19.Ra2 Na5 20.h4 Nc4 21.N3e4 Qf5 22.Nc5 Bxc5
23.Qxf5 Nxf5 24.dxc5 Nfxe3 25.fxe3 a3 26.e4 Rfe8 27.Rd1 h6 28.exd5 hxg5 29.Rd4 Ne5
30.hxg5 Reb8 31.Rb4 Rd8 32.c6 Rxd5 33.c7 Nc6 34.Rxa3 Rc8 35.Ra7 Kf8 36.Rab7 Ke7
37.Re4+ Re5 38.Ra4 Rxg5  0-1

[Event "Lenk op"]
[Site "Lenk"]
[Date "1991.??.??"]
[Round "6"]
[White "Psakhis, Lev"]
[Black "Erdelyi, Tamas"]
[Result "1-0"]
[WhiteElo "2555"]
[BlackElo "2320"]

1.e4 c5 2.Nf3 e6 3.d3 Nc6 4.g3 g6 5.Bg2 Bg7 6.O-O Nge7 7.Re1 d6 8.c3 e5 9.a3 a5
10.a4 h6 11.Na3 g5 12.Nb5 Ng6 13.Nd2 Ra6 14.Nc4 Nce7 15.b4 axb4 16.cxb4 cxb4
17.Bd2 Be6 18.Bxb4 Nc8 19.Ne3 O-O 20.Nf5 Nge7 21.Nxg7 Kxg7 22.d4 Qb6 23.Bf1 f6
24.Qd2 Nc6 25.a5 Qd8 26.Bc3 Bg4 27.Rec1 Qe7 28.Bb2 exd4 29.Nxd4 Ne5 30.Ra3 Ra8
31.f4 Nf7 32.f5 Ne5 33.Ne6+ Kg8 34.Qd5 Rf7 35.Rc7 Qe8 36.Bxe5 dxe5 37.Bb5  1-0

[Event "Lenk op"]
[Site "Lenk"]
[Date "1991.??.??"]
[Round "8"]
[White "Psakhis, Lev"]
[Black "Efimov, Igor"]
[Result "1-0"]
[WhiteElo "2555"]
[BlackElo "2470"]

1.e4 d5 2.exd5 Qxd5 3.Nc3 Qa5 4.d4 Nf6 5.Nf3 Nc6 6.Bb5 Bd7 7.Bd2 O-O-O 8.a4 Qb6
9.a5 Nxa5 10.Qe2 Bxb5 11.Nxb5 Nc6 12.c4 e5 13.dxe5 Nd7 14.O-O a6 15.Nc3 Nd4
16.Nxd4 Qxd4 17.Nd5 Nxe5 18.Rfd1 f6 19.Bf4 Qc5 20.Bxe5 fxe5 21.b4 Qa7 22.Nb6+ Qxb6
23.Qg4+ Kb8 24.Rxd8+ Ka7 25.c5  1-0

[Event "Nimes op"]
[Site "Nimes"]
[Date "1991.??.??"]
[Round "1"]
[White "Patrat, Alexandre"]
[Black "Psakhis, Lev"]
[Result "0-1"]
[WhiteElo "2275"]
[BlackElo "2555"]

1.e4 c5 2.Nf3 e6 3.d4 cxd4 4.Nxd4 Nf6 5.Nc3 d6 6.Be3 a6 7.Bd3 b5 8.a3 Bb7
9.O-O Nbd7 10.Qe2 Be7 11.Rad1 O-O 12.Kh1 Rc8 13.f3 Qc7 14.f4 Rfe8 15.Rf3 Qb8
16.Bd2 Bf8 17.Rg3 g6 18.Rf1 Bg7 19.Nb3 Nb6 20.Nd1 Na4 21.Bc1 e5 22.f5 d5
23.Nf2 Qa8 24.fxg6 hxg6 25.Ng4 Nxg4 26.Qxg4 Rc7 27.Na5 dxe4 28.Nxb7 exd3
29.Nd6 dxc2 30.Nxe8 Qxe8 31.Qe4 Qe6 32.Rgf3 f5 33.Qd3 Rc8 34.R3f2 e4 35.Qe3 Nxb2
36.g4 Nd1  0-1

[Event "Nimes op"]
[Site "Nimes"]
[Date "1991.??.??"]
[Round "2"]
[White "Psakhis, Lev"]
[Black "Fedorov, Vladislav"]
[Result "1-0"]
[WhiteElo "2555"]
[BlackElo "2395"]

1.e4 e5 2.Nf3 Nc6 3.Bb5 Nf6 4.O-O Nxe4 5.d4 Be7 6.Qe2 Nd6 7.Bxc6 bxc6 8.dxe5 Nb7
9.b3 O-O 10.Bb2 d5 11.exd6 cxd6 12.Re1 Bf6 13.Bxf6 Qxf6 14.Nbd2 Qg6 15.Nd4 c5
16.Nc6 Qxc2 17.Rac1 Qxa2 18.Ne7+ Kh8 19.Rc4 Be6 20.Rh4 Qc2 21.Qh5 h6 22.Ne4 Qb2
23.Qg5 Kh7 24.Rxh6+ gxh6 25.Nf6+ Qxf6 26.Qxf6 Rae8 27.Re4  1-0

[Event "Nimes op"]
[Site "Nimes"]
[Date "1991.??.??"]
[Round "8"]
[White "Vaisser, Anatoli"]
[Black "Psakhis, Lev"]
[Result "1/2-1/2"]
[WhiteElo "2540"]
[BlackElo "2555"]

1.d4 Nf6 2.c4 e6 3.Nc3 Bb4 4.e3 c5 5.Ne2 cxd4 6.exd4 d5 7.c5 e5 8.dxe5 Ne4
9.a3 Bxc3+ 10.Nxc3 Nxc3 11.bxc3 Qa5 12.Qb3 O-O 13.Be2 Nd7 14.Be3 Nxe5 15.O-O Nc4
16.Bd4 Qc7 17.Rfe1 Bd7 18.Bxc4 dxc4 19.Qxc4 Rfe8 20.Qd5 Qc6 21.c4 Rxe1+ 22.Rxe1 Re8
23.Rxe8+ Bxe8 24.f3 a6 25.h4 h6 26.Kf2 Bd7 27.g4 Be6 28.Qd6 Kh7 29.Qf8 f6
30.Qe7 Qd7 31.Bxf6 Qxe7 32.Bxe7 Bxc4  1/2-1/2

[Event "Oostende op"]
[Site "Oostende"]
[Date "1991.??.??"]
[Round "2"]
[White "Psakhis, Lev"]
[Black "Roeder, Frank"]
[Result "1/2-1/2"]
[WhiteElo "2575"]
[BlackElo "2290"]

1.e4 c6 2.d4 d5 3.Nd2 dxe4 4.Nxe4 Nf6 5.Nxf6+ exf6 6.c3 Bf5 7.Bd3 Bxd3 8.Qxd3 Bd6
9.Nf3 O-O 10.O-O Nd7 11.c4 Re8 12.Bd2 Nc5 13.Qc2 Ne4 14.Rad1 Qc7 15.Bc1 Rad8
16.g3 Qa5 17.Rfe1 f5 18.a3 Be7 19.b4 Qa6 20.Qb3 b5 21.Ne5 bxc4 22.Qxc4 Qxc4
23.Nxc4 Nc3 24.Rd3 Nb5 25.Bb2 Bf6 26.Rxe8+ Rxe8 27.Ne5 Re6 28.a4 Nc7 29.Rc3 Bxe5
30.dxe5 Nd5 31.Rd3 Kf8 32.Bd4 a6 33.b5 axb5 34.axb5 Ke8 35.Bc5 Rxe5 36.bxc6 Nf4
37.Re3  1/2-1/2

[Event "Oostende op"]
[Site "Oostende"]
[Date "1991.??.??"]
[Round "3"]
[White "Peek, Marcel"]
[Black "Psakhis, Lev"]
[Result "1-0"]
[WhiteElo "2345"]
[BlackElo "2575"]

1.d4 d6 2.Nf3 Bg4 3.c4 Nd7 4.Qb3 Rb8 5.h3 Bxf3 6.Qxf3 g6 7.e3 Bg7 8.Nc3 c5
9.d5 Bxc3+ 10.bxc3 Qa5 11.Qd1 Qxc3+ 12.Bd2 Qa3 13.Qc2 Ngf6 14.Bc1 Qa5+ 15.Bd2 Qc7
16.g4 e5 17.g5 Nh5 18.h4 Qd8 19.Qa4 Ra8 20.Rb1 b6 21.Bh3 f5 22.gxf6 Nxf6
23.Be6 Ke7 24.Ke2 Qe8 25.Qa6 Qc8 26.Qa4 a6 27.h5 b5 28.Qc2 Qe8 29.cxb5 axb5
30.Rxb5 Nxh5 31.Rxh5 gxh5 32.Rb7 Rd8 33.Qf5 Rf8 34.Qg5+ Rf6 35.Ba5 Qg6 36.Bxd8+ Kxd8
37.Rxd7+ Ke8 38.Qxg6+  1-0

[Event "Vienna op"]
[Site "Vienna"]
[Date "1991.??.??"]
[Round "8"]
[White "Psakhis, Lev"]
[Black "Pfeiffer, Herbert"]
[Result "1-0"]
[WhiteElo "2575"]
[BlackElo "2290"]

1.c4 Nf6 2.Nc3 d5 3.cxd5 Nxd5 4.g3 g6 5.Bg2 Nxc3 6.bxc3 Bg7 7.Rb1 Nd7 8.Nf3 O-O
9.O-O Nb6 10.Qc2 Bd7 11.d3 Ba4 12.Qd2 Bc6 13.Ne1 Qd7 14.c4 Rfd8 15.Qa5 Na4
16.Bd2 b6 17.Bxc6 Qxc6 18.Qb5 Qxb5 19.Rxb5 e5 20.Rb4 Nc5 21.Be3 a5 22.Rb5 Na4
23.Ng2 Rab8 24.Rb3 Rd7 25.Rc1 Bf8 26.Ne1 Re8 27.Kg2 Bc5 28.Nc2 Bd4 29.Kf1 Nc5
30.Rbb1 Na4 31.Nxd4 exd4 32.Bd2 Rde7 33.Re1 Re6 34.Rb5 f5 35.a3 Kf7 36.Rd5 c5
37.e3 dxe3 38.fxe3 Re5 39.Rxe5 Rxe5 40.Ke2 Re6 41.Kd1 Rd6 42.Kc2 Ke6 43.e4 fxe4
44.Rxe4+ Kd7 45.Bf4 Rf6 46.Kb3 b5 47.cxb5 Nb6 48.a4 h6 49.Bd2 Rf3 50.Re3 Rf1
51.Bxa5 Nxa4 52.Re4 Rb1+ 53.Ka2 Rb2+ 54.Ka3  1-0

[Event "Aruba"]
[Site "Aruba"]
[Date "1992.??.??"]
[Round "3"]
[White "Benko, Pal C"]
[Black "Psakhis, Lev"]
[Result "0-1"]
[WhiteElo "2415"]
[BlackElo "2605"]

1.c4 e5 2.Nc3 d6 3.d4 exd4 4.Qxd4 Nc6 5.Qd2 Nf6 6.g3 Be6 7.e4 Be7 8.b3 Nxe4
9.Nxe4 d5 10.cxd5 Bb4 11.Nc3 Bxd5 12.f3 Qf6 13.Bb2 O-O-O 14.Be2 Bxf3 15.Nxf3 Rxd2
16.Kxd2 Rd8+ 17.Kc2 Qg6+ 18.Kc1 Bc5 19.Nd1 Qe4 20.Re1  0-1

[Event "Aruba"]
[Site "Aruba"]
[Date "1992.??.??"]
[Round "6"]
[White "Sax, Gyula"]
[Black "Psakhis, Lev"]
[Result "1/2-1/2"]
[WhiteElo "2600"]
[BlackElo "2605"]

1.e4 e6 2.d4 d5 3.Nc3 Nf6 4.Bg5 dxe4 5.Nxe4 Nbd7 6.Nf3 h6 7.Nxf6+ Nxf6 8.Bh4 Be7
9.Bc4 c5 10.Qe2 cxd4 11.Nxd4 Qa5+ 12.c3 Bd7 13.O-O Qh5 14.Qxh5 Nxh5 15.Bxe7 Kxe7
16.f4 Rac8 17.Bb3 Rc5 18.Rae1 Nf6 19.Rf2 Re8 20.Nf3 Rd8 21.Ne5 Be8 22.g4 b5
23.h3 Rd6 24.f5 Nd7 25.Nf3 e5 26.Nd2 Rc7 27.Ne4 Rb6 28.h4 Nc5 29.Nxc5 Rxc5
30.g5 hxg5 31.hxg5 b4 32.cxb4 Rxb4 33.f6+ gxf6 34.gxf6+ Kd6 35.Rd2+ Kc7 36.Bd5 Rg4+
37.Kh2 Rg5 38.Re3 Rc1 39.Ra3 Bc6 40.Rxa7+ Kb6 41.Rxf7 Bxd5 42.Rxd5 Rc2+ 43.Kh3 Rcg2
44.Rg7  1/2-1/2

[Event "Baden-Baden"]
[Site "Baden-Baden"]
[Date "1992.??.??"]
[Round "3"]
[White "Hertneck, Gerald"]
[Black "Psakhis, Lev"]
[Result "1/2-1/2"]
[WhiteElo "2560"]
[BlackElo "2570"]

1.d4 e6 2.e4 d5 3.e5 c5 4.c3 Nc6 5.Nf3 Qb6 6.a3 Nge7 7.dxc5 Qc7 8.Bf4 Ng6
9.Bg3 Bxc5 10.b4 Be7 11.Qe2 Qb6 12.Qc2 Qc7 13.Qe2 Qb6 14.Qc2 f6 15.exf6 Bxf6
16.Bd3 Nce7 17.O-O O-O 18.Re1 Nf5 19.Ra2 Bd7 20.c4 dxc4 21.Bxc4 Kh8 22.Nbd2 a5
23.bxa5 Qxa5 24.Bxe6 Bxe6 25.Rxe6 Rac8 26.Qb1 Qd5 27.Re1 Bc3 28.Rc2 Ba5 29.Rxc8 Rxc8
30.Rc1 Rxc1+ 31.Qxc1 h6 32.Bc7 Bxc7 33.Qxc7 b5 34.Qc3 Nf4 35.Qe5 Qxe5 36.Nxe5 Nd4
37.Kf1 Kg8 38.Nb1 Kf8 39.Nc3 Ke7 40.g3 Nfe6 41.f4 Nc7 42.Kf2 Ke6 43.Nd3 Nc2
44.a4 bxa4 45.Nxa4  1/2-1/2

[Event "Baden-Baden"]
[Site "Baden-Baden"]
[Date "1992.??.??"]
[Round "4"]
[White "Psakhis, Lev"]
[Black "Karpov, Anatoly"]
[Result "1/2-1/2"]
[WhiteElo "2570"]
[BlackElo "2715"]

1.d4 Nf6 2.c4 e6 3.Nf3 b6 4.g3 Ba6 5.b3 Bb7 6.Bg2 Bb4+ 7.Bd2 a5 8.O-O O-O
9.Qc2 h6 10.Nc3 Na6 11.a3 Bxc3 12.Bxc3 Be4 13.Qb2 d5 14.Rfd1 c6 15.Bd2 Qe7  1/2-1/2

[Event "Baden-Baden"]
[Site "Baden-Baden"]
[Date "1992.??.??"]
[Round "8"]
[White "Psakhis, Lev"]
[Black "Wahls, Matthias"]
[Result "1/2-1/2"]
[WhiteElo "2570"]
[BlackElo "2540"]

1.e4 d5 2.exd5 Qxd5 3.Nc3 Qa5 4.d4 Nf6 5.Nf3 c6 6.Bc4 Bf5 7.Bd2 e6 8.Qe2 Bb4
9.O-O-O Nbd7 10.a3 Bxc3 11.Bxc3 Qc7 12.Ne5 Nd5 13.Bd2 Nxe5 14.dxe5 O-O-O
15.g4 Bg6 16.f4 h5 17.h3 Qb6 18.Rhf1 hxg4 19.hxg4 Qc5 20.Bb3 Rh3 21.Rf3 Rdh8
22.Rdf1 Rh2 23.Qe1 Qd4 24.f5 exf5 25.gxf5 Bh5 26.Rd3 Qg4 27.Bxd5 Re2 28.Qg3 cxd5
29.Rc3+ Kb8 30.b3 Ka8 31.e6 Qxg3 32.Rxg3 fxe6 33.fxe6 Rxe6 34.Rxg7 Rc8 35.Rfg1 Rec6
36.c3 d4 37.c4 b5 38.R1g5 Be8 39.Rxb5 Rxc4+ 40.bxc4 Bxb5 41.Bb4 Bxc4 42.Kd2 Bb5
43.Rg5 a6 44.a4 Bxa4 45.Bc5 Rd8  1/2-1/2

[Event "Baden-Baden"]
[Site "Baden-Baden"]
[Date "1992.??.??"]
[Round "11"]
[White "Kindermann, Stefan"]
[Black "Psakhis, Lev"]
[Result "1/2-1/2"]
[WhiteElo "2505"]
[BlackElo "2570"]

1.e4 e6 2.d4 d5 3.Nc3 Nf6 4.Bg5 dxe4 5.Nxe4 Nbd7 6.Nxf6+ Nxf6 7.Nf3 h6 8.Bh4 c5
9.Bb5+ Bd7 10.Bxd7+ Qxd7 11.Qe2 Be7 12.O-O-O O-O 13.dxc5 Qc6 14.Ne5 Qxc5
15.Bxf6 Bxf6 16.Nd7 Bxb2+ 17.Kxb2 Qb4+ 18.Kc1 Qa3+ 19.Kb1 Qb4+ 20.Kc1 Qa3+  1/2-1/2

[Event "Chalkidiki"]
[Site "Chalkidiki"]
[Date "1992.??.??"]
[Round "2"]
[White "Psakhis, Lev"]
[Black "Akopian, Vladimir"]
[Result "1/2-1/2"]
[WhiteElo "2570"]
[BlackElo "2600"]

1.e4 e6 2.d4 d5 3.Nc3 dxe4 4.Nxe4 Nd7 5.Nf3 Ngf6 6.Nxf6+ Nxf6 7.Bd3 b6 8.O-O Bb7
9.Qe2 Be7 10.Rd1 O-O 11.c4 Qc8 12.Bg5 h6 13.Bd2 Re8 14.b4 a5 15.b5 c5 16.bxc6 Qxc6
17.Rab1 Rab8 18.Bf4 Bd6 19.Bxd6 Qxd6 20.Ne5 Nd7 21.Qe3 Ba8 22.f4 Red8 23.Be2 Qc7
24.Rb3 Qb7 25.Bf1 Nc5 26.Rb2 Qe4 27.Qf2 f6 28.Ng4 h5 29.Re2 Qg6 30.Ne3 Ne4
31.Qe1 f5 32.Rb2 Qf6 33.Nc2 g5 34.fxg5 Nxg5 35.Rb3 Kh7 36.Qe2 Kh6 37.Qf2 f4
38.Ne1 Be4 39.Kh1 Bc6 40.Rbd3 Rd7  1/2-1/2

[Event "Chalkidiki"]
[Site "Chalkidiki"]
[Date "1992.??.??"]
[Round "3"]
[White "Ulibin, Mikhail"]
[Black "Psakhis, Lev"]
[Result "1/2-1/2"]
[WhiteElo "2570"]
[BlackElo "2570"]

1.d4 f5 2.g3 Nf6 3.Bg2 e6 4.c4 c6 5.Nh3 d5 6.O-O Bd6 7.Bf4 Be7 8.Bg5 O-O
9.Nf4 h6 10.Bxf6 Bxf6 11.e3 Qe8 12.Nd2 a5 13.Rc1 Be7 14.Nd3 Nd7 15.c5 Bd8
16.Nf3 Bc7 17.Qb3 Kh7 18.Nfe5 Nxe5 19.Nxe5 Rb8 20.Qc3 Bd7 21.b3 Qe7 22.Rfe1 g5
23.Bf1 Kg7 24.a3 h5 25.b4 h4 26.bxa5 hxg3 27.hxg3 Qd8 28.a6 Ba5 29.Qd3 Bxe1
30.Rxe1 bxa6 31.Qxa6 Qc7 32.a4 Rb7 33.a5 Rfb8 34.Qe2 Be8 35.Ra1 Rb2 36.Qd3 Qb7
37.a6 Qb3 38.a7 Ra8 39.Qa6 Qc2 40.Nd3 Rb3 41.Ra4 Qb1 42.Ra1 Qc2 43.Ra4 Qb1
44.Rb4 Rxb4 45.Nxb4 Bf7 46.Nxc6 f4 47.Qb6 Qe1 48.exf4 Rh8 49.Qa6 Qe4 50.Bg2 Qb1+
51.Qf1 Qb7 52.Ne5 gxf4 53.Qc1 fxg3 54.Qg5+ Kf8 55.Qd8+ Kg7 56.Qb6 gxf2+ 57.Kxf2 Qe7
58.c6 Qh4+ 59.Kf1 Qf4+ 60.Nf3 Qc1+ 61.Kf2 Qc2+  1/2-1/2

[Event "Chalkidiki"]
[Site "Chalkidiki"]
[Date "1992.??.??"]
[Round "8"]
[White "Psakhis, Lev"]
[Black "Stohl, Igor"]
[Result "1/2-1/2"]
[WhiteElo "2570"]
[BlackElo "2560"]

1.c4 g6 2.e4 e5 3.Nc3 Bg7 4.g3 Nc6 5.Bg2 d6 6.d3 f5 7.Nge2 Nf6 8.O-O O-O
9.Nd5 Ne7 10.Nxf6+ Bxf6 11.exf5 Nxf5 12.Nc3  1/2-1/2

[Event "Chalkidiki"]
[Site "Chalkidiki"]
[Date "1992.??.??"]
[Round "9"]
[White "Kotronias, Vasilios"]
[Black "Psakhis, Lev"]
[Result "1/2-1/2"]
[WhiteElo "2550"]
[BlackElo "2570"]

1.e4 e6 2.d4 d5 3.Nd2 c5 4.Ngf3 Nf6 5.exd5 exd5 6.Bb5+ Bd7 7.Bxd7+ Nbxd7
8.O-O Be7 9.dxc5 Nxc5 10.Nb3 Nce4 11.Nfd4 Qd7 12.Qf3 O-O 13.Nf5 Bd8 14.Be3 g6
15.Ng3 Re8 16.c3 a5 17.Nd4 Ra6 18.Rad1 Ng4 19.Nc2 Rf6 20.Qxe4 Rxe4 21.Nxe4 Re6
22.Ng3 Bc7 23.c4 Re8 24.Rxd5 Qa4 25.Rd2 Qxc4 26.b3 Qc3 27.Rfd1 Nxe3 28.Nxe3 Rxe3
29.fxe3 Qxe3+ 30.Kh1 Bxg3 31.Rd3 Qe2 32.hxg3 Qxa2 33.Re1 b5 34.Ree3 Qc2 35.Kh2 Qc5
36.Rf3 Qh5+ 37.Kg1 Qc5+ 38.Kh2 Qc6 39.Rc3 Qb7 40.Rfe3 h5 41.Re5 a4 42.bxa4 bxa4
43.Ree3 Kg7 44.Rf3 Qa7 45.Ra3 g5 46.Rf5 Kg6 47.Rb5 h4 48.Rb4 hxg3+ 49.Kxg3 Qg1
50.Rbxa4 f5 51.Ra1 f4+ 52.Kh3 Qf2 53.Ra6+ Kh5 54.Kh2 f3 55.R6a2 Qh4+ 56.Kg1 Qd4+
57.Kf1 Qd3+ 58.Kf2 fxg2 59.Kxg2 Qe4+ 60.Kg1 g4 61.Rh2+ Kg6 62.Ra6+  1/2-1/2

[Event "EU-chT (Men)"]
[Site "Debrecen"]
[Date "1992.??.??"]
[Round "9"]
[White "Psakhis, Lev"]
[Black "Cvitan, Ognjen"]
[Result "1/2-1/2"]
[WhiteElo "2605"]
[BlackElo "2505"]

1.e4 c5 2.Nf3 d6 3.d4 cxd4 4.Nxd4 Nf6 5.Nc3 e6 6.Be2 Be7 7.f4 O-O 8.O-O a6
9.a4 Nc6 10.Be3 Qc7 11.Kh1 Re8 12.Bd3 Bd7 13.Nf3 b6 14.Qe2 Nb4 15.Rae1 Bc6
16.Bd4 Nd7 17.Ng5 Nxd3 18.cxd3 h6 19.Nf3 Nc5 20.Nd2 Bf8 21.f5 Nxa4 22.Nxa4 Bxa4
23.Bxg7 Bxg7 24.f6 Bh8 25.Qh5 Kh7 26.Re3 Rg8 27.Qxh6+ Kxh6 28.Rh3+ Kg6 29.Rg3+  1/2-1/2

[Event "Geneve op"]
[Site "Geneve"]
[Date "1992.??.??"]
[Round "1"]
[White "Fioramonti, Hung"]
[Black "Psakhis, Lev"]
[Result "0-1"]
[WhiteElo "2305"]
[BlackElo "2605"]

1.Nf3 d6 2.d4 Bg4 3.e3 Nd7 4.Be2 Ngf6 5.c4 e6 6.O-O c6 7.b4 d5 8.a3 Bd6 9.Nbd2 O-O
10.Bb2 Qb8 11.b5 cxb5 12.cxb5 Ne4 13.h3 Bxf3 14.Bxf3 f5 15.Nxe4 fxe4 16.Bg4 Qe8
17.f4 exf3 18.Bxf3 Qg6 19.Qe1 Rac8 20.Rc1 Nf6 21.a4 Rc2 22.Rxc2 Qxc2 23.Qa1 Bb4
24.Bd1 Qd3 25.Bc1 Rc8 26.Qb2 Bd6 27.Qe2 Qg6 28.Bd2 Qg3 29.Rf4 Bxf4 30.exf4 Ne4
31.Be3 Nc3 32.Qf3 Qxf3 33.Bxf3 Nxa4 34.f5 Rc3 35.Kf2 Kf7 36.fxe6+ Kxe6 37.Bg4+ Kf7
38.Bf3 Nb6 39.Ke2 Rb3  0-1

[Event "Manila ol (Men)"]
[Site "Manila"]
[Date "1992.??.??"]
[Round "?"]
[White "Kortschnoj, Viktor"]
[Black "Psakhis, Lev"]
[Result "1/2-1/2"]
[WhiteElo "2585"]
[BlackElo "2605"]

1.c4 c5 2.Nf3 Nf6 3.Nc3 Nc6 4.d4 cxd4 5.Nxd4 e6 6.Bg5 Be7 7.e3 O-O 8.Be2 d6
9.O-O a6 10.Qd2 Qc7 11.Rac1 Ne5 12.b3 h6 13.Bf4 b6 14.Bg3 Bb7 15.f4 Ned7
16.b4 Rac8 17.a3 Qb8 18.f5 e5 19.Nb3 Qa8 20.Rf2 Rc7 21.Qd1 Rfc8 22.Bf1 b5
23.Rfc2 bxc4 24.Na5 Qa7 25.Bf2 e4 26.Qd4 Qxd4 27.exd4 Ba8 28.Bxc4 Rxc4 29.Nxc4 Rxc4
30.Nxe4 Rxc2 31.Nxf6+ Bxf6 32.Rxc2 Be4 33.Rc8+ Kh7 34.Rc7 Nb6 35.g4 h5 36.h3 hxg4
37.hxg4 Bf3 38.Ra7 Be2 39.Kh2 Bg5 40.Bg3 f6 41.Rb7 Nc4 42.a4 Bxg4 43.b5 axb5
44.axb5 Be3 45.Re7 Bd2 46.Rc7 d5 47.Rc5 Bf3 48.Bc7 Be2 49.b6 Nxb6 50.Bxb6 Bc4
51.Kg3 Be3 52.Kg4  1/2-1/2